| 000 | 00693nam a2200205 a 4500 | ||
|---|---|---|---|
| 005 | 20210219160157.0 | ||
| 008 | 080923s2000 mx r 000 0 spa d | ||
| 020 | _a9233012808. | ||
| 035 | _aUPN01000160224 | ||
| 049 | _aUNE | ||
| 080 | _aDO 681.84 (06) (100) "1971" ACT | ||
| 245 | 0 | 0 | _aActas de la conferencia internacional de estados sobre la protección de los fonogramas; 1971 : Ginebra. |
| 260 | _aParís : UNESCO; Ginebra : OMPI, 1975. | ||
| 300 | _a241 p. | ||
| 500 | _aIncluye índices | ||
| 690 | _aAcustica- Tocadiscos- Seguridad- Conferencias internacional | ||
| 710 | 2 | _aUNESCO | |
| 710 | 2 | _aOMPI. Organización Mundial de la Propiedad Intelectual. | |
| 905 | _aUNESCO | ||
| 999 |
_c132338 _d132338 |
||